[Event "XI Open A"]
[Site "Padova ITA"]
[Date "2008.12.17"]
[Round "5"]
[White "Gallo, Enrico"]
[Black "Quaranta, Cristiano"]
[Result "1/2-1/2"]
[WhiteElo "2063"]
[BlackElo "2136"]
[PlyCount "53"]
[EventDate "2008.12.13"]

1. e4 e6 2. d4 d5 3. Nd2 Nf6 4. e5 Nfd7 5. Bd3 c5 6. c3 Nc6 7. Ne2 cxd4 8. cxd4
f6 9. exf6 Nxf6 10. Nf3 Bd6 11. O-O Qc7 12. Bg5 O-O 13. Bh4 Nh5 14. Bg3 Nxg3
15. hxg3 g6 16. Rc1 Qg7 17. Bb1 Bc7 18. a3 Bb6 19. Rc3 Bd7 20. Re3 Rxf3 21.
Rxf3 Nxd4 22. Nxd4 Bxd4 23. Qd2 e5 24. Re1 Bc6 25. Ba2 Kh8 26. Qb4 Re8 27. Rd3
1/2-1/2

[Event "XI Open A"]
[Site "Padova ITA"]
[Date "2008.12.17"]
[Round "5"]
[White "Lazic, Miroljub"]
[Black "Barletta, Mauro"]
[Result "1-0"]
[WhiteElo "2472"]
[BlackElo "2232"]
[PlyCount "53"]
[EventDate "2008.12.13"]

1. e4 c6 2. d4 d5 3. f3 dxe4 4. fxe4 e5 5. Nf3 Be6 6. c3 Nd7 7. Bd3 Bd6 8. O-O
Ngf6 9. Kh1 Qc7 10. Be3 O-O-O 11. Nbd2 h5 12. b4 Ng4 13. Bg1 exd4 14. cxd4 Bxb4
15. Ng5 Nc5 16. Ndf3 Nxd3 17. Qxd3 Ne5 18. Nxe5 Qxe5 19. Nxf7 Bxf7 20. Rxf7 Qe6
21. Rxg7 Rhe8 22. Rb1 Be7 23. d5 cxd5 24. Bxa7 Rd6 25. Qb3 b6 26. Qb5 Qd7 27.
Qa6+ 1-0

[Event "XI Open A"]
[Site "Padova ITA"]
[Date "2008.12.17"]
[Round "5"]
[White "Litrico, Paolo"]
[Black "Marholev, Dimitar"]
[Result "1/2-1/2"]
[WhiteElo "1913"]
[BlackElo "2421"]
[PlyCount "32"]
[EventDate "2008.12.13"]

1. d4 Nf6 2. Nf3 g6 3. Nc3 Bg7 4. e4 d6 5. Be3 O-O 6. Qd2 a6 7. h4 h5 8. Bh6
Bxh6 9. Qxh6 Ng4 10. Qd2 b5 11. Ng5 e5 12. f3 exd4 13. Qxd4 Ne5 14. O-O-O Nbc6
15. Qf2 f6 16. Nh3 b4 1/2-1/2

[Event "XI Open A"]
[Site "Padova ITA"]
[Date "2008.12.17"]
[Round "5"]
[White "Mrdja, Milan"]
[Black "Laketic, Gojko"]
[Result "1/2-1/2"]
[WhiteElo "2401"]
[BlackElo "2451"]
[PlyCount "20"]
[EventDate "2008.12.13"]

1. e4 e5 2. Nf3 Nf6 3. Nxe5 d6 4. Nf3 Nxe4 5. Qe2 Qe7 6. d3 Nf6 7. Bg5 Nc6 8.
Nbd2 d5 9. O-O-O Qxe2 10. Bxe2 Be7 1/2-1/2

[Event "XI Open A"]
[Site "Padova ITA"]
[Date "2008.12.17"]
[Round "5"]
[White "Saponara, Nicola"]
[Black "Demiraj, Rumi"]
[Result "0-1"]
[WhiteElo "1838"]
[BlackElo "1961"]
[PlyCount "84"]
[EventDate "2008.12.13"]

1. e4 e6 2. d4 d5 3. Nc3 Bb4 4. e5 c5 5. a3 Bxc3+ 6. bxc3 Nc6 7. Nf3 f6 8. Bb5
a6 9. Bxc6+ bxc6 10. O-O c4 11. a4 Ne7 12. exf6 gxf6 13. Nh4 Kd7 14. Re1 Ng6
15. Qg4 f5 16. Nxf5 exf5 17. Qxf5+ Kc7 18. Qf7+ Bd7 19. Ba3 Qg5 20. Rab1 Qf5
21. Qxf5 Bxf5 22. Rb2 Rab8 23. Rc1 Rxb2 24. Bxb2 Rb8 25. Ba3 h5 26. f3 Nf4 27.
Kf2 Re8 28. g4 hxg4 29. fxg4 Bxg4 30. Kg3 Ne2+ 31. Kxg4 Nxc1 32. Bxc1 Re2 33.
h4 Kd7 34. Ba3 Ke6 35. h5 Rg2+ 36. Kh4 Kf5 37. Bd6 Rxc2 38. Bb4 Rh2+ 39. Kg3
Rxh5 40. Kf2 Ke4 41. Ke2 Rh2+ 42. Kd1 Ke3 0-1

[Event "XI Open A"]
[Site "Padova ITA"]
[Date "2008.12.17"]
[Round "5"]
[White "Topollaj, Mark"]
[Black "Menin, Massimo"]
[Result "0-1"]
[WhiteElo "1461"]
[BlackElo "1583"]
[PlyCount "112"]
[EventDate "2008.12.13"]

1. e4 e5 2. Bc4 Nf6 3. d3 h6 4. h3 Nc6 5. a3 d5 6. exd5 Nxd5 7. Ne2 Nf6 8. O-O
Be7 9. Nbc3 a6 10. Ng3 O-O 11. f4 exf4 12. Bxf4 Bd6 13. Bxd6 Qxd6 14. Nge4 Nxe4
15. Nxe4 Qd4+ 16. Kh1 Qxb2 17. Qf3 Be6 18. Rab1 Qxa3 19. Bxe6 fxe6 20. Qg4 Qe7
21. Rxf8+ Rxf8 22. Rxb7 e5 23. Rb1 a5 24. Ng3 Nb4 25. c3 Nxd3 26. Qc4+ Kh8 27.
Qxd3 Rd8 28. Qe4 Qc5 29. Re1 Qxc3 30. Qxe5 Qxe5 31. Rxe5 Ra8 32. Ne2 a4 33. Nc3
a3 34. Re2 c5 35. Ra2 g5 36. Nb1 Kg7 37. Rxa3 Rxa3 38. Nxa3 Kf6 39. Kg1 Ke5 40.
Kf2 Kf4 41. Nc4 h5 42. Nd2 h4 43. Nc4 g4 44. Nb2 g3+ 45. Ke2 Ke4 46. Nc4 Kd4
47. Nd6 Ke5 48. Nc4+ Kd4 49. Nd2 c4 50. Nxc4 Kxc4 51. Kf3 Kd3 52. Kg4 Ke3 53.
Kxh4 Kf2 54. Kg4 Kxg2 55. h4 Kf2 56. h5 g2 0-1

[Event "XI Open A"]
[Site "Padova ITA"]
[Date "2008.12.17"]
[Round "5"]
[White "Zaja, Ivan"]
[Black "Salvador, Roland"]
[Result "1/2-1/2"]
[WhiteElo "2461"]
[BlackElo "2464"]
[PlyCount "74"]
[EventDate "2008.12.13"]

1. d4 Nf6 2. c4 c6 3. Nc3 d5 4. Nf3 dxc4 5. a4 Na6 6. e3 Bg4 7. Bxc4 e6 8. h3
Bh5 9. Qe2 Nb4 10. O-O Be7 11. Rd1 O-O 12. g4 Bg6 13. Ne5 Nd7 14. Nxg6 hxg6 15.
e4 Qa5 16. d5 exd5 17. exd5 Nb6 18. dxc6 bxc6 19. Bb3 Rae8 20. Qf3 Kh7 21. Bf4
c5 22. Bc7 f5 23. Nd5 N4xd5 24. Rxd5 Qb4 25. Bxb6 Qxb6 26. gxf5 gxf5 27. Re1
Qf6 28. Rde5 Qg6+ 29. Kh1 Bf6 30. Rxe8 Rxe8 31. Rxe8 Qxe8 32. Qxf5+ Qg6 33.
Qxc5 Qe4+ 34. Kg1 Qe1+ 35. Kg2 Qe4+ 36. Kg1 Qe1+ 37. Kg2 Qe4+ 1/2-1/2

[Event "XI Open A"]
[Site "Padova ITA"]
[Date "2008.12.17"]
[Round "5"]
[White "Zanini, Andrea"]
[Black "Isatto, Davide"]
[Result "0-1"]
[WhiteElo "1674"]
[BlackElo "1943"]
[PlyCount "66"]
[EventDate "2008.12.13"]

1. d4 Nf6 2. Nf3 g6 3. Nbd2 Bg7 4. e4 d6 5. Be2 O-O 6. O-O Nbd7 7. b3 c5 8. c3
Rb8 9. Bb2 Nh5 10. g3 f5 11. Ng5 Ndf6 12. e5 Bh6 13. exf6 Bxg5 14. fxe7 Qxe7
15. Re1 Qg7 16. f4 Bf6 17. Bxh5 gxh5 18. Qxh5 cxd4 19. cxd4 Bd7 20. Nf3 Bc6 21.
Kg2 Qg4 22. Qxg4+ fxg4 23. Rad1 Bxf3+ 24. Kf2 Bxd1 25. Rxd1 Rfe8 26. Ba3 d5 27.
Bd6 Rbc8 28. Rd2 Kf7 29. a4 Rc3 30. b4 Rec8 31. a5 Rc2 32. Ke3 Rxd2 33. Kxd2
Bxd4 0-1

[Event "XI Open A"]
[Site "Padova ITA"]
[Date "2008.12.18"]
[Round "6"]
[White "Barletta, Mauro"]
[Black "Zordan, Antonio"]
[Result "1-0"]
[WhiteElo "2232"]
[BlackElo "1488"]
[PlyCount "57"]
[EventDate "2008.12.13"]

1. e4 e5 2. Nf3 Nf6 3. Bc4 Nc6 4. d4 exd4 5. O-O Bc5 6. e5 Ng4 7. c3 d5 8. exd6
Qxd6 9. h3 Nf6 10. b4 Bb6 11. Re1+ Be6 12. b5 Na5 13. Ba3 c5 14. bxc6 Qxc6 15.
Ne5 Qc7 16. Nxf7 Nxc4 17. Rxe6+ Kxf7 18. Re7+ Qxe7 19. Bxe7 Kxe7 20. Qe2+ Kd7
21. Qxc4 Rhe8 22. Nd2 Rac8 23. Qb5+ Rc6 24. cxd4 Bxd4 25. Qxb7+ Rc7 26. Qb5+
Rc6 27. Rc1 Rec8 28. Nf3 a6 29. Qf5+ 1-0

[Event "XI Open A"]
[Site "Padova ITA"]
[Date "2008.12.18"]
[Round "6"]
[White "Belloni, Umberto"]
[Black "Gallo, Enrico"]
[Result "1/2-1/2"]
[WhiteElo "1872"]
[BlackElo "2063"]
[PlyCount "83"]
[EventDate "2008.12.13"]

1. d4 Nf6 2. c3 d5 3. Bf4 g6 4. e3 Bg7 5. Nf3 Nbd7 6. Nbd2 b6 7. Ne5 Nxe5 8.
Bxe5 O-O 9. Bd3 c5 10. Rc1 c4 11. Bb1 b5 12. b4 a5 13. a3 axb4 14. axb4 Ne8 15.
Bg3 f6 16. O-O e5 17. f4 e4 18. Rf2 Nd6 19. Nf1 Be6 20. Rcc2 Qd7 21. Ra2 Ra4
22. Rxa4 bxa4 23. Ra2 Ra8 24. Bc2 a3 25. Nd2 Bg4 26. Qc1 Nb5 27. Nb1 Be2 28.
Be1 Qa7 29. Qd2 Bd3 30. Kh1 Bf8 31. Qc1 Bd6 32. Bd1 h5 33. Bd2 f5 34. Bc2 Kf7
35. h4 Ke6 36. Be1 Qh7 37. g3 Be2 38. Qd2 Bf3+ 39. Kg1 Be7 40. Qf2 Bf6 41. Qd2
Qa7 42. Bd1 1/2-1/2

[Event "XI Open A"]
[Site "Padova ITA"]
[Date "2008.12.18"]
[Round "6"]
[White "Boscolo, Federico"]
[Black "De Santis, Alessio"]
[Result "1/2-1/2"]
[WhiteElo "1952"]
[BlackElo "2263"]
[PlyCount "27"]
[EventDate "2008.12.13"]

1. e4 c5 2. c3 Qa5 3. Nf3 d6 4. h3 g6 5. Bd3 Bg7 6. O-O Nc6 7. Re1 Nf6 8. Bc2
Nd7 9. Na3 O-O 10. Nc4 Qd8 11. d4 cxd4 12. cxd4 b5 13. Ne3 Bb7 14. Ng4 1/2-1/2

[Event "XI Open A"]
[Site "Padova ITA"]
[Date "2008.12.18"]
[Round "6"]
[White "De Marchi, Alessandro"]
[Black "Fortunato, Lorenzo"]
[Result "1/2-1/2"]
[WhiteElo "1675"]
[BlackElo "1443"]
[PlyCount "68"]
[EventDate "2008.12.13"]

1. e4 g6 2. d4 Bg7 3. Nc3 d6 4. Bc4 a6 5. a4 b6 6. Nf3 Nd7 7. O-O Bb7 8. Be3
Ngf6 9. e5 Bxf3 10. Qxf3 dxe5 11. Rad1 exd4 12. Bxd4 O-O 13. Rfe1 Qe8 14. Nd5
Nxd5 15. Bxd5 Rd8 16. Bxg7 Kxg7 17. Bc6 e6 18. Qc3+ f6 19. Rd2 Qe7 20. g3 Ne5
21. Bg2 Rxd2 22. Qxd2 Rd8 23. Qc3 Rd6 24. f4 Nf7 25. g4 g5 26. f5 e5 27. Re4
Qd7 28. h3 Rd4 29. b3 c5 30. Rxd4 exd4 31. Qc4 a5 32. Qe2 Ne5 33. Be4 Nc6 34.
Qb5 Ne5 1/2-1/2

[Event "XI Open A"]
[Site "Padova ITA"]
[Date "2008.12.18"]
[Round "6"]
[White "Demiraj, Rumi"]
[Black "Kizov, Atanas"]
[Result "0-1"]
[WhiteElo "1961"]
[BlackElo "2439"]
[PlyCount "37"]
[EventDate "2008.12.13"]

1. d4 Nf6 2. c4 g6 3. Nc3 Bg7 4. Nf3 O-O 5. e4 d6 6. Be2 c6 7. O-O a6 8. a4 a5
9. b3 Na6 10. Bb2 Nd7 11. g4 e5 12. dxe5 dxe5 13. h3 Qb6 14. Ba3 Ndc5 15. Rb1
Rd8 16. Qc2 Nb4 17. Bxb4 Qxb4 18. Kg2 Be6 19. Rb2 {...} 0-1

[Event "XI Open A"]
[Site "Padova ITA"]
[Date "2008.12.18"]
[Round "6"]
[White "Dragojlovic, Andjelko"]
[Black "Quaranta, Cristiano"]
[Result "1/2-1/2"]
[WhiteElo "2393"]
[BlackElo "2136"]
[PlyCount "37"]
[EventDate "2008.12.13"]

1. Nf3 d5 2. g3 Nf6 3. Bg2 g6 4. O-O Bg7 5. d3 O-O 6. Nbd2 d4 7. a4 c5 8. e4
dxe3 9. fxe3 Nc6 10. Nc4 Qc7 11. e4 Be6 12. Ne3 Rad8 13. Ng5 Bc8 14. Nd5 Nxd5
15. exd5 Nb4 16. c4 Bf5 17. Rxf5 gxf5 18. Qh5 h6 19. Nh3 1/2-1/2

[Event "XI Open A"]
[Site "Padova ITA"]
[Date "2008.12.18"]
[Round "6"]
[White "Gubellini, Luciano"]
[Black "Mazzella, Riccardo"]
[Result "0-1"]
[WhiteElo "1640"]
[BlackElo "1350"]
[PlyCount "25"]
[EventDate "2008.12.13"]

1. d4 d5 2. Nf3 Nf6 3. e3 Bg4 4. Bd3 e6 5. Nbd2 Bd6 6. O-O O-O 7. Re1 Nbd7 8.
e4 Nxe4 9. Nxe4 dxe4 10. Bxe4 Rb8 11. Qd3 f5 12. Ng5 fxe4 13. Qxe4 0-1

[Event "XI Open A"]
[Site "Padova ITA"]
[Date "2008.12.18"]
[Round "6"]
[White "Isatto, Davide"]
[Black "Castellano, Alfonso"]
[Result "0-1"]
[WhiteElo "1943"]
[BlackElo "1967"]
[PlyCount "120"]
[EventDate "2008.12.13"]

1. d4 Nf6 2. Nf3 g6 3. Nbd2 d5 4. c3 Bg7 5. e3 Nbd7 6. Bd3 O-O 7. O-O b6 8. Re1
Bb7 9. Qc2 c5 10. b3 Rc8 11. Bb2 Re8 12. Rac1 Nh5 13. g4 Nhf6 14. h3 Rc7 15.
Qb1 Qa8 16. Ne5 Ne4 17. Bxe4 dxe4 18. Nxd7 Rxd7 19. Red1 Red8 20. Nf1 Ba6 21.
Qa1 c4 22. a4 Qd5 23. Nd2 Qe6 24. bxc4 Bxc4 25. Nxc4 Qxc4 26. Qb1 Qe2 27. Qc2
Qf3 28. c4 f5 29. d5 fxg4 30. hxg4 Qxg4+ 31. Kf1 Bxb2 32. Qxb2 Qf3 33. Qe5 Rf8
34. Qh2 Qxe3 35. Re1 Qf3 36. Qg2 Qxg2+ 37. Kxg2 Rf4 38. Re3 Rc7 39. Kf1 Kg7 40.
Ke2 Kf6 41. Rc2 Kf5 42. Rh3 h5 43. Ke3 Rc5 44. f3 exf3 45. Rxf3 Rxf3+ 46. Kxf3
g5 47. Ke3 h4 48. Kd4 h3 49. Re2 Rc7 50. a5 Kg4 51. axb6 axb6 52. Re4+ Kf3 53.
Re3+ Kg2 54. Kd3 g4 55. Re2+ Kf1 56. Rh2 Kg1 57. Re2 h2 58. Re1+ Kg2 59. Re2+
Kh3 60. Re1 g3 0-1

[Event "XI Open A"]
[Site "Padova ITA"]
[Date "2008.12.18"]
[Round "6"]
[White "Laketic, Gojko"]
[Black "Zaja, Ivan"]
[Result "1/2-1/2"]
[WhiteElo "2451"]
[BlackElo "2461"]
[PlyCount "24"]
[EventDate "2008.12.13"]

1. e4 e5 2. Nf3 Nf6 3. Nxe5 d6 4. Nf3 Nxe4 5. Qe2 Qe7 6. d3 Nf6 7. Bg5 Qxe2+ 8.
Bxe2 Be7 9. Nc3 c6 10. O-O-O h6 11. Bh4 Bg4 12. Rhe1 Bxf3 1/2-1/2

[Event "XI Open A"]
[Site "Padova ITA"]
[Date "2008.12.18"]
[Round "6"]
[White "Lodi, Paolo"]
[Black "Topollaj, Mark"]
[Result "1-0"]
[WhiteElo "1549"]
[BlackElo "1461"]
[PlyCount "47"]
[EventDate "2008.12.13"]

1. c4 e6 2. g3 c6 3. Bg2 Nf6 4. Nc3 Na6 5. e4 Nb4 6. d3 d5 7. cxd5 exd5 8. a3
Na6 9. Nge2 dxe4 10. dxe4 Qxd1+ 11. Nxd1 Nc5 12. Ndc3 Nd3+ 13. Kf1 Bc5 14. f3
O-O 15. b4 Bb6 16. Na4 Bc7 17. Bg5 Nd7 18. Rd1 N3e5 19. Bf4 f6 20. Nd4 Re8 21.
Bh3 Nb6 22. Bxc8 Raxc8 23. Nc5 Rb8 24. Ke2 {...} 1-0

[Event "XI Open A"]
[Site "Padova ITA"]
[Date "2008.12.18"]
[Round "6"]
[White "Marholev, Dimitar"]
[Black "Mrdja, Milan"]
[Result "0-1"]
[WhiteElo "2421"]
[BlackElo "2401"]
[PlyCount "64"]
[EventDate "2008.12.13"]

1. e4 c5 2. Nf3 d6 3. d4 cxd4 4. Nxd4 Nf6 5. Nc3 a6 6. Bg5 e6 7. f4 Nbd7 8. Qf3
Qc7 9. O-O-O Be7 10. g4 b5 11. Bxf6 Nxf6 12. g5 Nd7 13. a3 Rb8 14. h4 b4 15.
axb4 Rxb4 16. f5 Nc5 17. g6 hxg6 18. fxg6 O-O 19. Nf5 Bf6 20. Nh6+ gxh6 21.
Qxf6 fxg6 22. Qxg6+ Qg7 23. Qh5 Nxe4 24. Bd3 Ng3 25. Qa5 Rg4 26. Rhg1 d5 27.
Kb1 Kh8 28. Qc5 Rg8 29. Qf2 Ne4 30. Rxg4 Nxf2 31. Rxg7 Rxg7 32. Rf1 Nxd3 0-1

[Event "XI Open A"]
[Site "Padova ITA"]
[Date "2008.12.18"]
[Round "6"]
[White "Naumkin, Igor"]
[Black "Litrico, Paolo"]
[Result "1-0"]
[WhiteElo "2506"]
[BlackElo "1913"]
[PlyCount "61"]
[EventDate "2008.12.13"]

1. d4 f5 2. Nf3 Nf6 3. g3 g6 4. Bg2 Bg7 5. O-O O-O 6. c4 d6 7. Nc3 Nc6 8. d5
Na5 9. Qd3 e5 10. dxe6 Bxe6 11. b3 Nc6 12. Bb2 Ne4 13. Nxe4 Bxb2 14. Neg5 Bd7
15. Rad1 Bf6 16. h4 h6 17. Qd5+ Kg7 18. Ne6+ Bxe6 19. Qxe6 Re8 20. Qd5 Rxe2 21.
c5 Rxa2 22. cxd6 cxd6 23. b4 Nxb4 24. Qxb7+ Kh8 25. Qxb4 Ra6 26. h5 Rb6 27. Qf4
Bg7 28. Nh4 Rc8 29. Nxg6+ Kh7 30. Qxf5 Rc5 31. Qxc5 1-0

[Event "XI Open A"]
[Site "Padova ITA"]
[Date "2008.12.18"]
[Round "6"]
[White "Palumbo, Giuseppe"]
[Black "Menin, Massimo"]
[Result "1/2-1/2"]
[WhiteElo "1978"]
[BlackElo "1583"]
[PlyCount "30"]
[EventDate "2008.12.13"]

1. e4 e5 2. Nf3 Nc6 3. Bb5 a6 4. Ba4 Nf6 5. O-O b5 6. Bb3 Be7 7. Re1 O-O 8. c3
d6 9. d4 exd4 10. cxd4 Bg4 11. Be3 Nd7 12. Nbd2 Kh8 13. h3 Bh5 14. Nf1 Bg6 15.
Ng3 Rb8 1/2-1/2

[Event "XI Open A"]
[Site "Padova ITA"]
[Date "2008.12.18"]
[Round "6"]
[White "Saponara, Nicola"]
[Black "Zanini, Andrea"]
[Result "1-0"]
[WhiteElo "1838"]
[BlackElo "1674"]
[PlyCount "69"]
[EventDate "2008.12.13"]

1. e4 d5 2. exd5 Nf6 3. c4 e6 4. Qe2 Be7 5. Nc3 exd5 6. cxd5 Nxd5 7. Nxd5 Qxd5
8. Nf3 Bg4 9. d4 Bxf3 10. Qxf3 Qxf3 11. gxf3 Bf6 12. Be3 O-O 13. O-O-O a6 14.
Bd3 g6 15. f4 Rd8 16. Be4 c6 17. h4 Re8 18. f3 Bxh4 19. Rxh4 f5 20. Rdh1 h5 21.
Bxf5 gxf5 22. Bd2 Rf8 23. Rxh5 Nd7 24. Rg5+ Kf7 25. Rxf5+ Ke6 26. Rfh5 Rf5 27.
Re1+ Kf6 28. Rh7 Rd8 29. Ree7 Rd5 30. Be1 Nf8 31. Bh4+ Kg6 32. Rhg7+ Kh6 33.
Bg5+ Kh5 34. Re1 Rxg5 35. Rxg5+ 1-0

[Event "XI Open A"]
[Site "Padova ITA"]
[Date "2008.12.19"]
[Round "7"]
[White "Castellano, Alfonso"]
[Black "Belloni, Umberto"]
[Result "1-0"]
[WhiteElo "1967"]
[BlackElo "1872"]
[PlyCount "45"]
[EventDate "2008.12.13"]

1. c4 e6 2. Nc3 d5 3. Nf3 c6 4. d4 Bd6 5. g3 Nd7 6. Bg2 Ngf6 7. O-O O-O 8. e4
dxe4 9. Ng5 h6 10. Ngxe4 Bb8 11. f4 Nxe4 12. Nxe4 Nf6 13. Be3 Nxe4 14. Bxe4 a5
15. f5 exf5 16. Bxf5 Bxf5 17. Rxf5 Qd6 18. Qf3 Qg6 19. Rf1 Bc7 20. d5 Bd6 21.
dxc6 bxc6 22. Qxc6 Bxg3 23. Qxg6 1-0

[Event "XI Open A"]
[Site "Padova ITA"]
[Date "2008.12.19"]
[Round "7"]
[White "De Santis, Alessio"]
[Black "Laketic, Gojko"]
[Result "1/2-1/2"]
[WhiteElo "2263"]
[BlackElo "2451"]
[PlyCount "40"]
[EventDate "2008.12.13"]

1. d4 Nf6 2. c4 c6 3. Nc3 d5 4. e3 a6 5. a4 e6 6. Nf3 Bb4 7. Bd2 O-O 8. Bd3 a5
9. O-O Nbd7 10. Qc2 Bd6 11. e4 dxc4 12. Bxc4 e5 13. d5 Nc5 14. h3 Nh5 15. Bg5
Nf6 16. Rfd1 h6 17. Bh4 Qe7 18. Rd2 Na6 19. Rad1 Nb4 20. Qb1 Rd8 1/2-1/2

[Event "XI Open A"]
[Site "Padova ITA"]
[Date "2008.12.19"]
[Round "7"]
[White "Dragojlovic, Andjelko"]
[Black "Boscolo, Federico"]
[Result "1-0"]
[WhiteElo "2393"]
[BlackElo "1952"]
[PlyCount "103"]
[EventDate "2008.12.13"]

1. e4 e5 2. Nc3 Nc6 3. Bc4 Nf6 4. d3 Bb4 5. Bg5 h6 6. Bxf6 Bxc3+ 7. bxc3 Qxf6
8. Ne2 d6 9. d4 g5 10. Rb1 Ne7 11. Ng3 Ng6 12. Nh5 Qe7 13. O-O Nf4 14. Re1 Rb8
15. g3 Nxh5 16. Qxh5 Be6 17. Bd5 Bxd5 18. exd5 Kf8 19. dxe5 dxe5 20. Rb4 f6 21.
h4 Qf7 22. Qf3 b6 23. Ra4 a5 24. Rc4 Kg7 25. Rc6 Rhd8 26. c4 Rd6 27. Rd1 Rbd8
28. Rxd6 cxd6 29. Rb1 Qc7 30. h5 Rb8 31. Qf5 Qf7 32. g4 Qe8 33. Rb3 Qf7 34. c3
Kf8 35. Qb1 Qc7 36. Qf5 Qf7 37. Kg2 Rb7 38. Qc8+ Kg7 39. Qd8 Qc7 40. Qe8 Qf7
41. Qc6 Qc7 42. c5 dxc5 43. Qxc7+ Rxc7 44. Rxb6 c4 45. Kf3 Rc5 46. Ke4 Kf7 47.
Rb7+ Ke8 48. a4 Rc8 49. d6 Rd8 50. Kd5 Rd7 51. Rb8+ Kf7 52. Rc8 1-0

[Event "XI Open A"]
[Site "Padova ITA"]
[Date "2008.12.19"]
[Round "7"]
[White "Gallo, Enrico"]
[Black "Saponara, Nicola"]
[Result "1-0"]
[WhiteElo "2063"]
[BlackElo "1838"]
[PlyCount "65"]
[EventDate "2008.12.13"]

1. e4 c5 2. Nf3 d6 3. d4 cxd4 4. Nxd4 Nf6 5. Nc3 g6 6. Be2 Bg7 7. O-O O-O 8.
Be3 Nc6 9. Nb3 Be6 10. f4 Bh6 11. Qe1 Bg4 12. Bd3 Nb4 13. Qh4 Kg7 14. h3 Be6
15. g4 Qc8 16. g5 Bxg5 17. fxg5 Nh5 18. Rf3 Nc6 19. Nd4 Bd7 20. Nxc6 bxc6 21.
Raf1 Be6 22. Ne2 c5 23. b3 a5 24. Nf4 Nxf4 25. Qh6+ Kh8 26. Rxf4 f6 27. Rh4 Rf7
28. gxf6 exf6 29. Rxf6 Qe8 30. Rxf7 Qxf7 31. Bg5 Rf8 32. Rf4 Qg7 33. Rxf8+ 1-0

[Event "XI Open A"]
[Site "Padova ITA"]
[Date "2008.12.19"]
[Round "7"]
[White "Litrico, Paolo"]
[Black "Barletta, Mauro"]
[Result "0-1"]
[WhiteElo "1913"]
[BlackElo "2232"]
[PlyCount "46"]
[EventDate "2008.12.13"]

1. d4 d5 2. Bf4 e6 3. Nf3 c5 4. e3 Nc6 5. c3 Bd6 6. Bg3 Bxg3 7. hxg3 Qb6 8. Qc2
Nf6 9. Nbd2 Bd7 10. Nb3 cxd4 11. exd4 O-O-O 12. Bd3 h6 13. Qe2 e5 14. Nxe5 Nxe5
15. dxe5 Ng4 16. f4 f6 17. Rh4 h5 18. O-O-O fxe5 19. fxe5 Rde8 20. Qd2 Rxe5 21.
Re1 Rxe1+ 22. Qxe1 Re8 23. Qd2 Qg1+ 0-1

[Event "XI Open A"]
[Site "Padova ITA"]
[Date "2008.12.19"]
[Round "7"]
[White "Mazzella, Riccardo"]
[Black "Fortunato, Lorenzo"]
[Result "0-1"]
[WhiteElo "1350"]
[BlackElo "1443"]
[PlyCount "78"]
[EventDate "2008.12.13"]

1. d4 g6 2. c4 Bg7 3. Nc3 d6 4. Bg5 Nd7 5. Qd2 h6 6. Bh4 b6 7. e4 Bb7 8. Nf3
Ngf6 9. Be2 Nxe4 10. Qe3 Nxc3 11. bxc3 g5 12. Nxg5 hxg5 13. Qxg5 Bf6 14. Qb5
Bxh4 15. d5 Qc8 16. Bg4 c6 17. dxc6 Bxc6 18. Qf5 Ne5 19. Qxc8+ Rxc8 20. Bxc8
Bxg2 21. Rg1 Nf3+ 22. Ke2 Nxg1+ 23. Rxg1 Rg8 24. Rb1 Bc6 25. a4 Bxa4 26. Ra1
Bd7 27. Bxd7+ Kxd7 28. Rxa7+ Ke6 29. Rb7 Rg2 30. Rxb6 Bxf2 31. Kf3 Bxb6 32.
Kxg2 Ba5 33. c5 dxc5 34. c4 Ke5 35. h4 Kd4 36. h5 Kxc4 37. h6 Kd3 38. h7 Bc3
39. Kf2 Bh8 0-1

[Event "XI Open A"]
[Site "Padova ITA"]
[Date "2008.12.19"]
[Round "7"]
[White "Menin, Massimo"]
[Black "De Marchi, Alessandro"]
[Result "1/2-1/2"]
[WhiteElo "1583"]
[BlackElo "1675"]
[PlyCount "48"]
[EventDate "2008.12.13"]

1. e4 c5 2. Nf3 e6 3. d4 cxd4 4. Nxd4 a6 5. a4 Nc6 6. g3 Bc5 7. Nxc6 bxc6 8.
Bg2 Qb6 9. O-O Bb7 10. c3 Rd8 11. b4 Be7 12. Be3 c5 13. Qb3 Nf6 14. f3 d5 15.
Rd1 O-O 16. e5 Nd7 17. f4 Nb8 18. Nd2 d4 19. Nc4 Qc7 20. cxd4 Bxg2 21. Kxg2
cxb4 22. a5 Qb7+ 23. Kf2 Rc8 24. Rac1 Qd5 1/2-1/2

[Event "XI Open A"]
[Site "Padova ITA"]
[Date "2008.12.19"]
[Round "7"]
[White "Mrdja, Milan"]
[Black "Lazic, Miroljub"]
[Result "1/2-1/2"]
[WhiteElo "2401"]
[BlackElo "2472"]
[PlyCount "31"]
[EventDate "2008.12.13"]

1. e4 e5 2. Nf3 Nc6 3. Bb5 a6 4. Ba4 Nf6 5. O-O Be7 6. Re1 b5 7. Bb3 d6 8. c3
O-O 9. h3 Na5 10. Bc2 c5 11. d4 Qc7 12. Nbd2 cxd4 13. cxd4 Nc6 14. Nb3 Nb4 15.
Bb1 a5 16. a3 1/2-1/2

[Event "XI Open A"]
[Site "Padova ITA"]
[Date "2008.12.19"]
[Round "7"]
[White "Quaranta, Cristiano"]
[Black "Marholev, Dimitar"]
[Result "1/2-1/2"]
[WhiteElo "2136"]
[BlackElo "2421"]
[PlyCount "22"]
[EventDate "2008.12.13"]

1. d4 Nf6 2. Nf3 g6 3. c4 Bg7 4. Nc3 O-O 5. e4 d6 6. h3 Na6 7. Bg5 c5 8. d5 h6
9. Be3 e6 10. Bd3 exd5 11. exd5 Nc7 1/2-1/2

[Event "XI Open A"]
[Site "Padova ITA"]
[Date "2008.12.19"]
[Round "7"]
[White "Salvador, Roland"]
[Black "Naumkin, Igor"]
[Result "0-1"]
[WhiteElo "2464"]
[BlackElo "2506"]
[PlyCount "110"]
[EventDate "2008.12.13"]

1. d4 Nf6 2. Nf3 e6 3. c4 b6 4. g3 Bb7 5. Bg2 Be7 6. O-O O-O 7. d5 exd5 8. Nh4
c6 9. cxd5 Nxd5 10. Nf5 Nc7 11. e4 d5 12. Nc3 Bf6 13. exd5 cxd5 14. Bf4 Nba6
15. Re1 Bc8 16. Nd4 Qd7 17. Be5 Bxe5 18. Rxe5 Qd6 19. Rh5 Be6 20. Qd2 Rad8 21.
Re1 Rfe8 22. Bf1 Nc5 23. f3 Bd7 24. Rd1 h6 25. b4 N5e6 26. a3 Ng5 27. Bg2 a5
28. Nce2 Nb5 29. Nxb5 Bxb5 30. Nd4 Bc4 31. h4 Nh7 32. Nf5 Qg6 33. g4 Nf6 34.
Nxh6+ gxh6 35. Rxh6 Qg7 36. Qf4 Re6 37. g5 Ne8 38. Rxe6 fxe6 39. h5 axb4 40.
axb4 e5 41. Qf5 d4 42. h6 Nd6 43. Qg4 Qg6 44. f4 Bb3 45. Re1 d3 46. Rxe5 Nf7
47. Re3 d2 48. Bf3 d1=Q+ 49. Bxd1 Rxd1+ 50. Kh2 Qc2+ 51. Re2 Rd2 52. Rxd2 Qxd2+
53. Kh3 Qe3+ 54. Kh4 Qe1+ 55. Kh3 Be6 0-1

[Event "XI Open A"]
[Site "Padova ITA"]
[Date "2008.12.19"]
[Round "7"]
[White "Topollaj, Mark"]
[Black "Gubellini, Luciano"]
[Result "1-0"]
[WhiteElo "1461"]
[BlackElo "1640"]
[PlyCount "59"]
[EventDate "2008.12.13"]

1. e4 c5 2. Bc4 e6 3. a3 a6 4. d3 b5 5. Ba2 Bb7 6. f3 Nc6 7. Ne2 Be7 8. O-O Qc7
9. Bf4 e5 10. Bg3 d6 11. Nbc3 Nf6 12. f4 O-O 13. Bh4 Nd4 14. fxe5 Nxe2+ 15.
Nxe2 dxe5 16. Ng3 c4 17. Nf5 Rad8 18. Nxe7+ Qxe7 19. Bxf6 gxf6 20. Qg4+ Kh8 21.
dxc4 Rg8 22. Qf3 Rg6 23. cxb5 Rdg8 24. Rf2 Qc5 25. g3 Bxe4 26. Qxe4 Rxg3+ 27.
hxg3 Rxg3+ 28. Kf1 Qxb5+ 29. c4 Qc5 30. b4 1-0

[Event "XI Open A"]
[Site "Padova ITA"]
[Date "2008.12.19"]
[Round "7"]
[White "Zaja, Ivan"]
[Black "Kizov, Atanas"]
[Result "1/2-1/2"]
[WhiteElo "2461"]
[BlackElo "2439"]
[PlyCount "34"]
[EventDate "2008.12.13"]

1. Nf3 d5 2. g3 Bg4 3. Bg2 Nd7 4. O-O c6 5. d3 Ngf6 6. Qe1 e5 7. e4 dxe4 8.
dxe4 Be7 9. a4 a5 10. Bd2 O-O 11. Bc3 Bxf3 12. Bxf3 Re8 13. Nd2 Bf8 14. Nc4 b6
15. h4 Qc7 16. Qe2 Nc5 17. b3 Rad8 1/2-1/2